000 01145cad a22002775a 4500
001 E151760
008 101207s2010 xxk f 100 0 eng d
020 _a9781842196199
035 _a(Sirsi) u151760
041 0 _aeng
100 1 _aTaylor, Tim
111 2 _aConstruction and Building Research Conference
_cDauphine Universite, Paris
_d2-3 September 2010
245 0 0 _aDevelopment of a strategy for monitoring the environmental performance of apartment buildings in Swansea
_bmeasuring progress towards zero carbon homes in Wales
_h[electronic resource]
260 _aLondon
_bRICS
_c2010
520 _aA paper presented at the COBRA Conference in Paris on 2-3 September 2010.
590 _aKA
650 2 4 _aCONSTRUCTION AND BUILDING RESEARCH CONFERENCE (COBRA)
651 4 _aWales
_y2007-
690 _aPROPERTY-RESIDENTIAL PROPERTY-DOMESTIC RESIDENTIAL PROPERTY-HOUSING
700 1 _aLittlewood, John
700 1 _aGeens, Andrew
700 1 _aCounsell, John
700 1 _aPettifor, Geoff
856 4 0 _uhttps://www.rics.org/site/scripts/download_info.aspx?fileID=7858&categoryID=720
_zBroken link - not available
942 _n0
999 _c111602
_d111602